| 000 | 04104 a2200241 4500 | ||
|---|---|---|---|
| 001 | 47917 | ||
| 005 | 20260407155744.0 | ||
| 008 | 260407a2018 arg spa d | ||
| 003 | AR-UNSa-BCEJYS | ||
| 040 |
_aAR-UNSa-BCEJYS _bspa _cAR-UNSa-BCEJYS |
||
| 080 |
_a336.221 _xTributación |
||
| 245 | 1 | 0 |
_aReforma tributaria _panálisis sustancial de los pilares de la reforma: ganancias, procedimiento, iva, monobributo, internos, revalúo y penal tributario |
| 020 | _a978-987-01-2191-6 | ||
| 264 | 1 |
_aBuenos Aires : _bErrepar _c2018 |
|
| 300 |
_axlii, 766 p. _c21 cm. |
||
| 505 | _a1. Ganancias. Tratamiento de la renta financiera obtenida por personas humanas y sucesiones indivisas residentes en el país / Mario Volman - 2. La reforma de la ley del impuesto a las ganancias y el nuevo tratamiento para las rentas financieras / Félix J. Rolando - 3. Las monedas digitales y el bitcoin en el nuevo impuesto a las rentas financieras / Ricardo Mihura Estrada - 4. Tratamiento de las ganancias de capital relacionadas con inmuebles / Liliana Molas - 5. El nuevo esquema de integración de la renta empresaria con el dividendo, los dividendos fictos y su impacto en el negocio / Florencia Fernández Sabella - 6. La imposición a la renta societaria y a los dividendos en la Ley 27.430 / Fernando D. García - 7. El rescate de acciones en la reforma del impuesto a las ganancias / Rafael Ramognino - 8. Ley 27.430 incentivos a la reinversión de utilidades y presunciones de la segunda categoría / Hernán M. D´Agostino - 9. Modificaciones en el subsistema de tributación internacional de la ley 27.430 / Darío M. Rajmilovich - 10. Limitación en la deducción de intereses y transferencias de acciones / Gustavo scravaglieri - Pablo Baroffio - Juan M. Iglesias - 11. Nuevo régimen de transparencia fiscal internacional /Gabriela Rigoni - 12. Los TRUSTS, fundaciones de interés privado y estructuras análogas bajo la reforma de la Ley 27.430 / Ezequiel Lipovetzky - Pablo M. Muir - 13. El nuevo concepto de establecimiento permanente bajo la reforma tributaria / Daniela C. Rey - 14. Los cambios destacados en precios de transferencia / Cecilia E. Goldemberg - 15. Los cambios en el sexto método y algunas cuestiones todavía pendientes en precios de transferencia / Tomás Smudt - Fernanda Laiún - 16. Impuesto al valor agregado. La reforma del impuesto al valor agregado / Hugo E. Kaplan - Carlos G. Kaplan - 17. Los servicios digitales transfronterizos en las modificaciones introducidas por la ley 27.430 / Guillermo Marconi - 18. La Reforma digital / Fernando Vaquero - 19. Internos. Impuestos selectivo al consumo / Andrea Casero - 20. Combustibles. La reforma tributaria en el impuesto sobre los combustibles / Gustavo A. Carreño - Esteban M. Garciandia - 21. Monotributo. Modificaciones previstas al régimen simplificado para pequeños contribuyentes / Carlos A. Schestakow - 22. Procedimiento tributario. Modificaciones incorporadas a la Ley 11.683 de procedimiento tributario / María A. Capria - Valeria P. D´Alessandro - Francisco Blanco - 23. Las modificaciones en materia de sanciones tributarias materiales / Carolina Calello - 24. Modificaciones en los plazos de prescripción de la Ley 11.683 contenidas en la Ley 27.430 / Fabiana Iglesias Araujo - 25. La Reforma tributaria ¿Habilita un método alternativo para la resolución de conflictos? Gustavo E. Etman - 26. Publicidad de los Estados Contables y derecho de acceso a la información / Agustina O´Donnell - 27. Penal Tributario. Algunas notas respecto a las modificaciones al régimen penal tributario / Esteban D. Semachowicz - 28. La Exhumación de la resolución (PGN) 5/2012 / Carlos M. Folco - 29. Revalúo impositivo. Revalúo. Casos prácticos de aplicación / Richard L. Amaro Gómez - Mario Volman - 30. Consenso fiscal. Consenso fiscal Nación/Provincias - | ||
| 041 | _aspa | ||
| 942 | _cBK | ||
| 590 | _aniveau_biblio:m niveau_hierar:0 | ||
| 100 | 1 | _aKaplan, Hugo E. | |
| 700 | 1 | _aVolman, Mario | |
| 856 | 4 | 1 |
_uhttps://www.biblioeco.unsa.edu.ar/pmb/images/libros/L127683.jpg _yImagen de portada _qimage/jpeg |
| 999 |
_c4486 _d4486 |
||